|
|
|
|
| LEADER |
00000cam a2200000 7i4500 |
| 001 |
0000002860 |
| 005 |
20040127.0 |
| 090 |
0 |
0 |
|a FAO634.92
|b ENT 1997
|
| 100 |
1 |
0 |
|a ENTERS
|h Thomas
|
| 245 |
1 |
0 |
|a Technology scenariios in the Asia-Pacific forestry sector
|c prepared by Thomas Enters
|
| 260 |
0 |
0 |
|a Rome :
|b Food and Agriculture Organization of the United Nations ,
|c 1997
|
| 300 |
|
|
|a 77 p. ;
|c 30 cm.
|
| 440 |
0 |
0 |
|a Asia-Pacific forestry sector outlook study working paper series ; no. APFSOS/WP/25
|
| 500 |
0 |
0 |
|a Bibliography : p. 63-76
|
| 650 |
0 |
0 |
|a Forest management
|z Asia
|
| 650 |
0 |
0 |
|a Forest management
|z Pacific area
|
| 650 |
0 |
0 |
|a Forests and forestry
|
| 710 |
1 |
1 |
|a Food and Agriculture Organization of the United Nations (FAO)
|
| 998 |
|
|
|a JPSM
|
| 999 |
|
|
|a 0000004766
|b Monograph
|c Food and Agriculture Organization
|e Default branch
|
| 999 |
|
|
|a 0000004767
|b Monograph
|c Food and Agriculture Organization
|e Default branch
|